Get the Picture: Spielberg or Scorsese? Quiz Stats

 Plays Quiz Updated Sep 26, 2019

Score 0/16 Timer 03:00
3 Plays Today
Question Answer Wrong Answers
Raiders of the Lost Ark Steven Spielberg
87.3%
Martin Scorsese
2.4%
Jaws Steven Spielberg
87%
Martin Scorsese
2.5%
Goodfellas Martin Scorsese
86.2%
Steven Spielberg
3.5%
Taxi Driver Martin Scorsese
84.6%
Steven Spielberg
4.9%
Raging Bull Martin Scorsese
84.4%
Steven Spielberg
4.8%
Hook Steven Spielberg
84.2%
Martin Scorsese
5.6%
Gangs of New York Martin Scorsese
82.2%
Steven Spielberg
7.1%
Cape Fear Martin Scorsese
76.1%
Steven Spielberg
13.2%
The Color Purple Steven Spielberg
73.2%
Martin Scorsese
16.4%
Amistad Steven Spielberg
72.5%
Martin Scorsese
17.5%
The Adventures of Tintin Steven Spielberg
70.9%
Martin Scorsese
18.5%
The Color of Money Martin Scorsese
68.5%
Steven Spielberg
21%
Empire of the Sun Steven Spielberg
68.5%
Martin Scorsese
21%
Catch Me If You Can Steven Spielberg
66.9%
Martin Scorsese
22.4%
Hugo Martin Scorsese
58.3%
Steven Spielberg
31.4%
The Aviator Martin Scorsese
56.1%
Steven Spielberg
34%

Today's Daily Dose

You're not logged in!

Compare scores with friends on all Sporcle quizzes.
OR
Log In

Sporcle TV

Today on Sporcle TV


Watch our educational content, quiz creation guides, and fun videos on Sporcle TV.

Show Comments

Extras

Top Quizzes Today


Score Distribution

Your Account Isn't Verified!

In order to create a playlist on Sporcle, you need to verify the email address you used during registration. Go to your Sporcle Settings to finish the process.

Report this User

Report this user for behavior that violates our Community Guidelines.

Details: